000 00541nam a2200181Ia 4500
999 _c23133
_d23133
003 OSt
005 20200515090750.0
008 190216s9999||||xx |||||||||||||| ||und||
020 _a9789675062001
040 _coclc
082 _a297.41
_bGHA/W
100 _aAl - Ghazali
_92196
245 0 _aWonders Of The Heart /
_cAl - Ghazali
260 _bIslamic Book Trust,
_c2011.
_aKuala Lumpur:
300 _a192p
650 0 _aHistory & geography
_vIslamic History
_92271
942 _cBK
_2ddc
_h297.41
_iALG/W
_k297.41
_mALG/W